000 01241nam a2200373 a 4500
001 24762
003 FlNmELB
005 20241216215752.0
006 m o d |
007 cr cn|||||||||
008 201003r2009 xxu|||||s|||||||||||spa d
020 _z9781413578591
035 _a(MiAaPQ)EBC3186378
035 _a(Au-PeEL)EBL3186378
035 _a(CaPaEBR)ebr10357289
035 _a(OCoLC)928932888
040 _aFlNmELB
_bspa
_cFlNmELB
050 4 _aPR4662
_bS848 2009
080 _a821.111
082 0 4 _a820
_222
100 1 _aStevenson, Robert Louis.
245 1 3 _aLa resaca
_h[recurso electronico] /
_cRobert Louis Stevenson.
260 _aMiami :
_bEl Cid Editor,
_c2009.
300 _a258 p.
440 0 _aClásicos de la Literatura Europea Carrascalejo de la Jara
533 _aRecurso electrónico. Santa Fe, Arg.: e-libro, 2015. Disponible vía World Wide Web. El acceso puede estar limitado para las bibliotecas afiliadas a e-libro.
650 4 _aLiteratura.
650 4 _aFormas y géneros literarios.
650 4 _aLiterature.
650 4 _aEnglish literature.
655 4 _aLibros electrónicos.
710 2 _ae-libro, Corp.
856 4 0 _uhttps://elibro.net/ereader/politecnicointernacional/35083
999 _c24762
_d24762